Obálka Náhled e-knihy:
Epub
Pro půjčování e-knih musíte být přihlášeni.
Jak si půjčit online?

Nikola Šuhaj loupežník /

Tento baladický příběh se odehrává v Podkarpatské Rusi, kniha tento kraj vykresluje jako místo velmi zvláštní, hodně zbídačené a zmítající se v národnostních konfliktech. Žijí zde nejchudší Rusíni vedle bohatých Židů a na pořádek dohlížejí čeští četníci. Lidé zde žijí podle pověr a hodně vzdálení vy...

Celý popis

Uloženo v:
Hlavní autor: Olbracht, Ivan (Autor)
Médium: E-kniha
Jazyk:Czech
Vydáno: Praha : Artis, 2023
Tagy:
Žádné tagy
LEADER 01532nam a22002297i 4500
001 312032
007 ta
008 260601s2023 xr ||||| |||| 00| 0 cze d
020 |a 9990003821065 
044 |a xr 
100 1 |a  Olbracht, Ivan  |4 aut 
245 1 0 |a Nikola Šuhaj loupežník /  |c  Olbracht, Ivan 
264 1 |a Praha :  |b Artis,  |c 2023 
300 |a 1 online zdroj (155 stran) 
336 |a text  |b txt  |2 rdacontent 
337 |a bez média  |b n  |2 rdamedia 
338 |a online zdroj  |b cr  |2 rdacarrier 
520 2 |a Tento baladický příběh se odehrává v Podkarpatské Rusi, kniha tento kraj vykresluje jako místo velmi zvláštní, hodně zbídačené a zmítající se v národnostních konfliktech. Žijí zde nejchudší Rusíni vedle bohatých Židů a na pořádek dohlížejí čeští četníci. Lidé zde žijí podle pověr a hodně vzdálení vyspělé civilizaci. A tak není divu, že i příběh knihy je opředen bájemi.Nikola Šuhaj je v knize popsán jako lidový hrdina, loupežník, který nikdy nikoho nezabil, jen v sebeobraně. Loupežník, který bohatým bere a chudým dává. Nakonec však skončí zradou kamarádů. 
910 |a RBIT002 
998 |d 382106  |a https://core.palmknihy.cz/api/books/382106/cover?rz84bu  |b https://core.palmknihy.cz/api/books/382106/cover/400?rz84bu  |c https://core.palmknihy.cz/api/books/382106/cover/50?rz84bu  |e 2099-12-01  |g 155  |i 9990003821065  |j https://core.palmknihy.cz/api/books/382106/preview.epub  |l   |q 49  |r 1  |s https://www.palmknihy.cz/kniha/382106  |t ebook  |y 2023  |z 1 
999 |d 312030